000 00720nam a2200253Ia 4500
003 OSt
005 20220926024641.0
006 a|||||r|||| 00| 0
007 ta
008 220923b |||||||| |||| 00| 0 eng d
020 _a0632024232
037 _cGeneral Book
040 _aRTL
_cRTL
_beng
041 _2eng
_aeng
082 _aH23, N0
100 _aAllen Philip A
_9331205
245 0 _aBasin analysis
_b Principles and applications
260 _aOxford
_bBlackwll Scientific
_c1990
300 _ax,415p. Bib p. 419-33
_ccm.
650 _aGeology
_915465
700 _a Allen John R
_9331207
942 _hH23, N0
_cGB
_2CC
999 _c645091
_d645091